El retablo de la corte de Marisel Jiménez (Record no. 1400)

MARC details
000 -LEADER
campo de control de longitud fija 00506nam a2200145 4500
008 - DATOS DE LONGITUD FIJA--INFORMACIÓN GENERAL
campo de control de longitud fija 731 J614r
020 ## - NÚMERO INTERNACIONAL ESTÁNDAR DEL LIBRO
Número Internacional Estándar del Libro 9789968530385
082 ## - NÚMERO DE LA CLASIFICACIÓN DECIMAL DEWEY
Número de clasificación 731
Número de ítem J614r
100 ## - ENTRADA PRINCIPAL--NOMBRE DE PERSONA
Nombre de persona Jiménez, Marisel
9 (RLIN) 6183
245 ## - MENCIÓN DEL TÍTULO
Título El retablo de la corte de Marisel Jiménez
260 ## - PUBLICACIÓN, DISTRIBUCIÓN, ETC.
Lugar de publicación, distribución, etc. San José
Nombre del editor, distribuidor, etc. Fundación Museos del Banco Central
Fecha de publicación, distribución, etc. 2017
300 ## - DESCRIPCIÓN FÍSICA
Extensión 75 p.
Otras características físicas ill (col)
Dimensiones 27,5 x 21cm.
650 ## - PUNTO DE ACCESO ADICIONAL DE MATERIA--TÉRMINO DE MATERIA
Subdivisión general arte contemporáneo
-- escultura
-- escultura costarricense
-- exhibiciones
9 (RLIN) 6184
700 ## - ENTRADA AGREGADA--NOMBRE PERSONAL
Nombre de persona Monge, María José (coordinadora editorial)
9 (RLIN) 6185
Holdings
Estatus retirado Estado de pérdida Fuente del sistema de clasificación o colocación Estado de daño No para préstamo Biblioteca de origen Biblioteca actual Ubicación en estantería Fecha de adquisición Total de préstamos Signatura topográfica completa Visto por última vez Precio de reemplazo Tipo de ítem Koha
    Clasificación Decimal Dewey     Biblioteca LadoV Biblioteca LadoV   15/03/2018   731 J614r 15/03/2018 15/03/2018 Material 01